| 000 | 00908aam a2200337 4500 | ||
|---|---|---|---|
| 005 | 20250806121140.0 | ||
| 008 | 150511b xxu||||| |||| 00| 0 spa d | ||
| 020 | _a9789968315296 | ||
| 041 | _aESP | ||
| 082 | _aCR 861.4 J61a | ||
| 100 | _aJiménez Díaz, Floria | ||
| 245 | _aAmigos del bosque hasta el mar | ||
| 260 | _aCosta Rica | ||
| 260 | _bEUNED | ||
| 260 | _c2007 | ||
| 300 | _a72 páginas | ||
| 300 | _bIlustraciones a color | ||
| 490 | _aSERIE AMBIENTAL INFANTIL MAPACHÍN | ||
| 490 | _aTEMÁTICA GENERAL | ||
| 650 | _aTEMÁTICA GENERAL | ||
| 650 | _aPOESÍA INFANTIL | ||
| 650 | _aPOESÍA COSTARRICENSE | ||
| 650 | _aLITERATURA INFANTIL | ||
| 650 | _aLITERATURA COSTARRICENSE | ||
| 650 | _aEDUCACIÓN AMBIENTAL | ||
| 650 | _aCUIDADO DEL MEDIO AMBIENTE | ||
| 650 | _aFLORA COSTARRICENSE | ||
| 650 | _aFAUNA COSTARRICENSE | ||
| 650 | _aCOSTA RICA | ||
| 942 |
_cBK _2ddc |
||
| 999 |
_c5336 _d5336 |
||